00516nam a2200193 a 4500001001300000003000900013005001700022008004100039020002300080082001700103100002100120245004900141260003400190300000900224500003500233505001700268650001600285700002100301nice12345678IN_TiNIC20260116014942.0070531s1986 newa grp 000 0 eng  a0553193848 c10000a327.174bCAL aCaldicott, Helen aMissile Envyb The Arms Race and Nuclear War aNew YorkbBantam Books c1986 a346p aincludes index and biblioraphy2 anotes, index aDisarmament1 aCaldicott, Helen